| 000 | 03035cam a22004578i 4500 | ||
|---|---|---|---|
| 001 | 20942322 | ||
| 005 | 20221011123017.0 | ||
| 008 | 190411t20202020enk b 001 0 eng | ||
| 010 | _a 2019016741 | ||
| 020 |
_a9780367255664 _q(hardback) |
||
| 020 |
_z9780429288425 _q(ebook) |
||
| 035 | _a(DGU)ocm00000NEW | ||
| 040 |
_aDGU/DLC _beng _erda _cDGU |
||
| 042 | _apcc | ||
| 043 |
_aa-cc--- _aaw----- |
||
| 050 | 0 | 0 |
_aDS740.5.M53 _bE48 2020 |
| 082 | 0 | 0 |
_a327.51056 _bEHT |
| 100 | 1 |
_aEhteshami, Anoushiravan, _eauthor. _999874 |
|
| 245 | 1 | 0 |
_aHow China's rise is changing the Middle East / _cAnoushiravan Ehteshami and Niv Horesh. |
| 250 | _aFirst edition. | ||
| 263 | _a1909 | ||
| 264 | 1 |
_aLondon ; _aNew York, NY : _bRoutledge/Taylor & Francis Group, _c2020. |
|
| 264 | 4 | _c©2020 | |
| 300 |
_a167 p. ; _c24 cm. |
||
| 336 |
_atext _2rdacontent |
||
| 337 |
_aunmediated _2rdamedia |
||
| 338 |
_avolume _2rdacarrier |
||
| 490 | 0 |
_aDurham modern Middle East and Islamic world series ; _v48 |
|
| 504 | _aIncludes bibliographical references and index. | ||
| 505 | 0 | _aThe Chinese-Middle Eastern encounter in broader historical perspective : from the Han to the Qing dynasty -- China's presence in the Middle East in the long 20th century, 1912-2012 -- Eyeing military alliance : Sino-Iranian mutual strategic perceptions leading onto the Trump era -- Chinese strategic perceptions of Saudi Arabia -- A model for self-development : Egyptian perceptions of China since 2012 -- Our "new best friend" : Turkish perceptions of China since 2012 -- The PRC's slowly improving relations with Israel. | |
| 520 | _aThis book explores the extent to which China's rise is changing the economic, security, political and social-cultural aspects of the Middle East - a region of significant strategic importance to the West and of increasing importance to the East. With its growing dependence on Middle East oil and gas, China has more at stake in this region than any other Asian power and, not surprisingly, has begun increasing its engagement with the region, with profound implications for other stakeholders. The book charts the history of China's links with the Middle East, discusses China's involvement with each of the major countries of the region, considers how China's rise is reshaping Middle Easterners' perceptions of China and the Chinese people and examines the very latest developments. | ||
| 651 | 0 |
_aChina _xForeign relations _zMiddle East. _999875 |
|
| 651 | 0 |
_aMiddle East _xForeign relations _zChina. _999876 |
|
| 651 | 0 |
_aChina _xForeign economic relations _zMiddle East. _999877 |
|
| 651 | 0 |
_aMiddle East _xForeign economic relations _zChina. _999878 |
|
| 700 | 1 |
_aHoresh, Niv, _eauthor. _999879 |
|
| 776 | 0 | 8 |
_iOnline version: _aEhteshami, Anoushiravan, author. _tHow China's rise is changing the Middle East _bFirst edition. _dLondon ; New York, NY : Routledge/Taylor & Francis Group, 2020 _z9780429288425 _w(DLC) 2019021629 |
| 906 |
_a7 _bcbc _corignew _d1 _eecip _f20 _gy-gencatlg |
||
| 942 |
_2ddc _cBK |
||
| 999 |
_c591680 _d591680 |
||